000 01422nam0a22003251 4500
001 rc\3180593
005 20260514171054.0
021 _aRU
_b[75-56079]
035 _a(NLR Aleph) 007332044
090 _a6019688
_c6019688
100 _a20120628d1975 u y0rusy50 ca
101 0 _arus
_aeng
102 _aRU
105 _aa z |||||
200 1 _aТезисы докладов
_fМ-во высш. и сред. спец. образования СССР. Моск. ун-т им. М.В. Ломоносова VI Междунар. симпозиум по нелинейной акустике. Москва, 8-10 июля 1975 г.
210 _aМосква
_cИзд-во Моск. ун-та
_d1975
215 _a522 с.
_cчерт.
_d21
300 _aЧасть текста на англ. яз.
311 _aПрил.: Дополнения
320 _aСписки лит. в конце докл.
421 0 _11010#$arus
_12001#$aДополнения
_1215##$a120 с.$cил.
_tДополнения
606 _aАкустика нелинейная
_jТезисы докладов
_2psbo
710 1 2 _aМеждународный симпозиум по нелинейной акустике
_d6
_eМосква
_f1975
_92709092
_3RU\NLR\AUTH\880642702
801 0 _aRU
_bNLR
_gpsbo
801 1 _aRU
_bELAR
_2rusmarc
852 _aNLR
_j75-3/4624
852 _aNLR
_j75-5/3312
942 _cBOOK
980 _aNB